=LDR 00000nam 2200000 4500 =001 INLIS000000000054124 =005 20190704080627 =035 ##$$a 0010-0719000001 =007 ta =008 190704###########################0###### =020 ##$$a 978-602-6328-40-3 =082 ##$$a 153.8 =084 ##$$a 153.8 SOP k =100 ##$$a Sophia Nega =245 1#$$a Kapan kamu nikah : $b Jangan menikah kalau kamu ikut-ikutan /$c Sophia Nega =250 ##$$a Cet 1 =260 ##$$a Solo :$b Melagraff,$c 2017 =300 ##$$a xii, 195 hlm. : $b ilus. ; $c 21 Cm. =650 ##$$a Motivasi =710 ##$$a Editor, Ferrial Pondrafti =990 ##$$a 11421142 =990 ##$$a 31900164